| 000 | 00993nam a2200265 i 4500 | ||
|---|---|---|---|
| 001 | 185438 | ||
| 003 | SpMaBN | ||
| 005 | 20251012200245.0 | ||
| 008 | 160603s1995 sp ac |||| |dspa d | ||
| 020 | _a84-7720-425-X | ||
| 080 | _a615.214 | ||
| 100 | 1 |
_aEisner, Bruce. _9159759 |
|
| 245 | 1 | 0 |
_aÉxtasis _b: (la historia del MDMA) / _cBruce Eisner ; prólogo de Stanley Krippner ; introducción de Peter Stafford ; síntesis química de Alexander Shul[g]in ; [traducción de José M. Pomares]. |
| 250 | _a1ª ed. | ||
| 260 |
_aBarcelona : _bObelisco, _c1995. |
||
| 300 |
_a324 p. : _bil., retr. ; _c21 cm. |
||
| 504 | _aBibliografía: p. 319-321. | ||
| 650 | 7 |
_aÉxtasis (Droga) _9159762 |
|
| 700 | 1 |
_aKrippner, Stanley. _9159760 |
|
| 700 | 1 |
_aStafford, Peter. _9107850 |
|
| 700 | 1 |
_aShulgin, Alexander T., _d1925-2014 _9159761 |
|
| 700 | 0 |
_aPomares, José M., _d1943- _992903 |
|
| 852 |
_aES-MaACL _jL-30321 _z. - Donat. Miguel A. Velasco |
||
| 999 |
_c185438 _d185438 |
||